000 00464nam a2200181Ia 4500
001 10572
005 20260306161842.0
008 260306t2013||||xx |||||||||||||| ||spa||
041 _aESP
082 _a940.4
_bH22
100 _aHart, Peter
_eAUT
245 0 _aLa gran guerra ( 1914-1918):
_bhistoria militar de la primera guerra mundial
260 _c2013
300 _a562 páginas :
_c23 cm.
650 _aGEN
654 _aCHU
942 _cLIB
_dJUS
_fJUS
_2ddc
_n
999 _c10572
_d10572